Tale Of Two Cities (Record no. 368647)

MARC details
000 -LEADER
fixed length control field 00301nam a2200133Ia 4500
005 - DATE AND TIME OF LATEST TRANSACTION
control field 20251013221652.0
008 - FIXED-LENGTH DATA ELEMENTS--GENERAL INFORMATION
fixed length control field 251010s9999 xx 000 0 und d
041 ## - LANGUAGE CODE
Language code of text/sound track or separate title eng
100 ## - MAIN ENTRY--PERSONAL NAME
Personal name Dickens ,. C.
9 (RLIN) 214365
245 ## - TITLE STATEMENT
Title Tale Of Two Cities
250 ## - EDITION STATEMENT
Edition statement 1ST
260 ## - PUBLICATION, DISTRIBUTION, ETC. (IMPRINT)
Name of publisher, distributor, etc. UBSBD
Date of publication, distribution, etc. 1992
300 ## - PHYSICAL DESCRIPTION
Extent 410
Holdings
Withdrawn status Lost status Damaged status Not for loan Home library Current library Date acquired Cost, normal purchase price Bill number Total Checkouts Barcode Date last seen Bill Date Koha item type Original Barcode
        Shri Siddhivinayak Mahila Mahavidyalaya Shri Siddhivinayak Mahila Mahavidyalaya 13/05/2014 40.00 3837   SSMM-ABK-010000651 13/10/2025 24/02/1996 Books ABK010000651